Logo CIB grande

PROFESSIONAL DEVELOPMENT IN EDUCATION: NEW PARADIGMS AND PRACTICES (Registro nro. 226955)

Detalles MARC
000 -LEADER
campo de control de longitud fija 00638nam a2200241Ia 4500
005 - FECHA Y HORA DE LA ÚLTIMA TRANSACCIÓN
campo de control 20250425162327.0
008 - DATOS DE LONGITUD FIJA--INFORMACIÓN GENERAL
campo de control de longitud fija 250425s9999 xx 000 0 und d
020 ## - NÚMERO INTERNACIONAL ESTÁNDAR DEL LIBRO
Número Internacional Estándar del Libro 080773425X
041 ## - CÓDIGO DE IDIOMA
Código de lengua del texto/banda sonora o título independiente eng
082 ## - NÚMERO DE LA CLASIFICACIÓN DECIMAL DEWEY
Número de clasificación 371.146
010 ## - NÚMERO DE CONTROL DE LA BIBLIOTECA DEL CONGRESO
Número de control de LC 62534
100 ## - ENTRADA PRINCIPAL--NOMBRE DE PERSONA
Nombre de persona GUSKEY, THOMAS R
245 #0 - MENCIÓN DEL TÍTULO
Título PROFESSIONAL DEVELOPMENT IN EDUCATION: NEW PARADIGMS AND PRACTICES
250 ## - MENCION DE EDICION
Mención de edición S.E.
260 ## - PUBLICACIÓN, DISTRIBUCIÓN, ETC.
Lugar de publicación, distribución, etc. Estados Unidos
Nombre del editor, distribuidor, etc. TEACHERS COLLEGE PRESS
Fecha de publicación, distribución, etc. 1995
260 ## - PUBLICACIÓN, DISTRIBUCIÓN, ETC.
Lugar de publicación, distribución, etc. NEW YORK
300 ## - DESCRIPCIÓN FÍSICA
Extensión 290
650 ## - PUNTO DE ACCESO ADICIONAL DE MATERIA--TÉRMINO DE MATERIA
Término de materia o nombre geográfico como elemento de entrada ADIESTRAMIENTO
650 ## - PUNTO DE ACCESO ADICIONAL DE MATERIA--TÉRMINO DE MATERIA
Término de materia o nombre geográfico como elemento de entrada EDUCACION
650 ## - PUNTO DE ACCESO ADICIONAL DE MATERIA--TÉRMINO DE MATERIA
Término de materia o nombre geográfico como elemento de entrada EVALUACION DE DESARROLLO PROFESIONAL
700 ## - ENTRADA AGREGADA--NOMBRE PERSONAL
Nombre de persona HUBERMAN, MICHAEL
942 ## - ELEMENTOS DE ENTRADA SECUNDARIOS (KOHA)
Tipo de ítem Koha Libros
Existencias
Estatus retirado Estado de pérdida Estado de daño No para préstamo Biblioteca de origen Biblioteca actual Fecha de adquisición Coste, precio normal de compra Total de préstamos Código de barras Copia número Tipo de ítem Koha
        CENTRO DE INFORMACIÓN BIBLIOTECARIA CENTRO DE INFORMACIÓN BIBLIOTECARIA 28/09/2007 20.00   52455 1 Libros

Copyright 2025 ESPOL. Todos los derechos reservados.